00286nam a2200133Ia 4500100001700000650001700017366000700034654001700041245001700058260002600075082002000101300000800121546002300129 aMahalik N.P  aMechatronics f25 amechatronics aMechatronics bTata McGraw Hilc2009 a621.381042bMAH a589 aENGLISHcInfo.Tech